000 00286nam a2200121Ia 4500
008 241002s9999 xx 000 0 und d
082 _a954.01 CAM
100 _aCampbell, Johson A.
245 0 _aMission with Mount Batten
260 _aLondon:
_c1952
600 _aHistory
942 _cUC
999 _c18389
_d18389